000 00606nam a2200193Ia 4500
008 090124s9999 xx 000 0 und d
082 _b124957
100 _aस्टीफन जेम
245 _a सोन्याचे मडके
250 _a1
260 _c1991
300 _a204
600 _aस्टीफन जेम
630 _a सोन्याचे मडके
700 _aस्टीफन जेम
700 _aकुलकर्णी जी.ए.(गुरुनाथ आबाजी )
730 _a सोन्याचे मडके
942 _cBOOK
999 _c171047
_d171047